Decision making and development: papers and probings in the systems of management anthropology (Record no. 345042)

000 -LEADER
fixed length control field 00392cam a22001217a 4500
008 - FIXED-LENGTH DATA ELEMENTS--GENERAL INFORMATION
fixed length control field 180718b1983 xxu||||| |||| 00| 0 eng d
082 ## - DEWEY DECIMAL CLASSIFICATION NUMBER
Classification number I52 G238
100 ## - MAIN ENTRY--PERSONAL NAME
Personal name Gautam, Vinayshil
245 ## - TITLE STATEMENT
Title Decision making and development: papers and probings in the systems of management anthropology
Statement of responsibility, etc. by Vinayshil Gautam
260 ## - PUBLICATION, DISTRIBUTION, ETC.
Place of publication, distribution, etc. Delhi
Name of publisher, distributor, etc. National
Date of publication, distribution, etc. 1983
300 ## - PHYSICAL DESCRIPTION
Extent 102p.
650 ## - SUBJECT ADDED ENTRY--TOPICAL TERM
Topical term or geographic name entry element Decision-making
Holdings
Withdrawn status Lost status Damaged status Not for loan Permanent Location Current Location Date acquired Full call number Barcode Date last seen Price effective from Koha item type
        Indian Institute of Public Administration Indian Institute of Public Administration 1993-10-06 I52 G238 59171 2018-07-21 2018-07-21 Book

Powered by Koha